V Countries Quiz - Statistics

General Stats
  • This quiz has been taken 23 times
  • The average score is 4 of 4
Answers on the Map
Answers color-coded by a green-red scale on the quiz's map according to % correct below.
 
Answer Stats
1 2 3 4 % Correct
1 2 3 4
95%
1 2 3 4
95%
1 2 3 4
90%
1 2 3 4
90%
No matching quizzes found
Score Distribution
Percent of People with Each Score
Percentile by Number Answered
Your Score History
You have not taken this quiz